Economic commision for Europe annual report - 24 april 1983 - 14 april 1984 : economic and social council official records, 1984 : supplement no. 13

Gespeichert in:
Bibliographische Detailangaben
Format: Buch
Sprache:Englisch
Veröffentlicht: New York United Nations 1984
Tags: Tag hinzufügen
Keine Tags, Fügen Sie das erste Tag hinzu!

MARC

LEADER 00000nam a2200000 4500
001 c109093
005 20041019155143.2
041 0 |a eng 
044 |a US 
245 1 0 |a Economic commision for Europe  |b annual report - 24 april 1983 - 14 april 1984 : economic and social council official records, 1984 : supplement no. 13 
264 1 |a New York  |b United Nations  |c 1984 
300 |a 88, 24, 7 s.